| 000 | 00000nam##2200000za#4500 |
| 001 | 9.617327 |
| 003 | CaOODSP |
| 005 | 20210615102116 |
| 007 | ta |
| 008 | 150406|2005||||xxc||||| f|0| 0 eng|d |
| 022 | |a0706-6473 |
| 040 | |aCaOODSP|beng |
| 043 | |an-cn--- |
| 086 | 1 |aFs97-4/2716E |
| 110 | 1 |aCanada. |bDepartment of Fisheries and Oceans. |
| 245 | 12|aA comparison of the results of the 1998 Georgia Strait creel survey with an independent observer program / |cby R.E. Diewert, D.A. Nagtegaal, and K. Hein. |
| 260 | |bFisheries and Oceans Canada |c2005. |
| 300 | |avii, 39p. : |bfigs., references, tables ; |c28 cm. |
| 490 | 1 |aCanadian manuscript report of fisheries and aquatic sciences|x0706-6473|v2716 |
| 500 | |a"Fisheries and Oceans Canada, Science Branch, Pacific Region, Pacific Biological Station, Nanaimo, British Columbia V9T 6N7". |
| 520 | 3 |aThis report is part of a series that contains scientific and technical information that contributes to existing knowledge but deals with national or regional problems. They are distributed to institutions and individuals in the relevant areas of Canada. The subject matter reflects the interests and policies of the Department of Fisheries and Oceans. |
| 546 | |a(Résumés en français.) |
| 563 | |aSoftcover |
| 590 | |a05-19|b2005-05-13 |
| 720 | 1 |aDiewert, R. E. |
| 720 | 1 |aNagtegaal, D. A. |
| 720 | 1 |aHein, K. |
| 776 | 0#|tA comparison of the results of the 1998 Georgia Strait creel survey with an independent observer program / |w(CaOODSP)9.580022 |
| 830 | #0|aCanadian manuscript report of fisheries and aquatic sciences,|x0706-6473|v2716|w(CaOODSP)9.514688 |